Pleito de don Martín criado del Conde de Olivares, contra Juan Mejía alguacil de corte, por las jurisdicciones

Detalles Bibliográficos
Otros Autores: Conde de Olivares, Juan Mejía
Formato: Libro
Publicado: s.l., s.f.
Materias:
Colección:Banco de datos
Acervo:Biblioteca Palafoxiana. Colección de Manuscritos
Descripción Física:5 f. ; 31 x 21 cm.
Tema general:Civil
LEADER 00472nam a22001570004500
035 |a 1140 
245 1 0 |a Pleito de don Martín criado del Conde de Olivares, contra Juan Mejía alguacil de corte, por las jurisdicciones 
260 |a s.l., s.f. 
300 |a 5 f. ; 31 x 21 cm. 
650 1 0 |a Civil 
700 1 |a Conde de Olivares 
700 1 |a Juan Mejía 
949 |a 19948/051 
942 |c PALAMANU 
943 |g Biblioteca Palafoxiana. Colección de Manuscritos 
999 |c 1069085  |d 1069085